Brawl Stars: Mandy Skins by Picture - Statistics

General Stats
  • This quiz has been taken 70 times
    19 since last reset
  • The average score is 6 of 11
Answer Stats
Picture Answer % Correct
Mecha Mandy
77%
Carnaval Mandy
69%
Hanbok Mandy
69%
True Gold Mandy
69%
Magma Mandy
62%
True Silver Mandy
62%
Witch Mandy
54%
MC Mandy
46%
Malicious Mandy
38%
Mecha Wasp Mandy
31%
Mecha Shade Mandy
15%
No matching quizzes found
Score Distribution
Percent of People with Each Score
Percentile by Number Answered
Your Score History
You have not taken this quiz since the last reset